Name in the Middle #4 - Statistics

General Stats
  • This quiz has been taken 189 times
  • The average score is 10 of 14
Answer Stats
First Name Middle name Surname % Correct
Martin Luther King Jr.
100%
John Fitzgerald Kennedy
96%
Osama Bin Laden
95%
Lee Harvey Oswald
95%
Mary Kate Olsen
87%
Wolfgang Amadeus Mozart
85%
Billy Jean King
85%
Jerry Lee Lewis
84%
Melissa Joan Hart
67%
John Wayne Gacy
56%
Brian Austin Green
53%
Chloë Grace Moretz
51%
Lee Ann Womack
44%
Vladimir Ilyich Lenin
29%
No matching quizzes found
Score Distribution
Percent of People with Each Score
Percentile by Number Answered
Your Score History
You have not taken this quiz